000 00625nam a22002417a 4500
001 BR9705141
003 BR-BrBNA
005 20230928095748.0
007 ta
008 230509b bl.||||| |||| 00| 0 por d
040 _aBR-BrBNA
_bpor
_cBiblioteca Nacional de Agricultura
041 _a(Por)
072 _aE14; B50
090 _ E14 BR9705141
110 1 _aIICA, Brasilia, DF (Brasil)
_95552
245 1 _aUma historia de parceria
260 3 _aBrasilia, DF (Brasil):
_c1997.
300 _a15 p.
650 _aCooperacao Internacional
650 _aHistoria
909 _a202309
_bLucia
_c55
_dLucia Elande
942 _cBK
999 _c58517
_d58517